00000000nam##2200000za#4500
0019.645668
003CaOODSP
00520250319164514
007ta
008150407|1994||||xxc|||||     f|0| 0 eng|d
020 |a0-662-22576-7
040 |aCaOODSP|beng
043 |an-cn---
0861 |aH72-21/120-1994E
1101 |aCanada. |bHealth Canada.
24510|aAbuse and neglect of older adults: awareness information for people in the workplace : |ba guide for use by people interested in meeting together to discuss family violence issues / |cIssued jointly by the Mental Health Division and the National Clearinghouse on Family Violence.
260 |aOttawa - Ontario : |bHealth Canada |c1994.
300 |a37p. in various pagings. : |breferences ; |c28 cm.
563 |aSoftcover
590 |a95-03|b1995-01-20
69007|aSeniors|2gcpds
69007|aFamily violence|2gcpds
77508|tViolence et négligence à l'égard des personnes âgées: atelier de sensibilisation du personnel en milieu de travail : |w(CaOODSP)9.679316
7760#|tAbuse & neglect of older adults : |w(CaOODSP)9.695551